000 00987nam a22003137a 4500
003 CHAP
005 20220329140804.0
008 971013s1963 r 00010 d
010 _a57618
011 _a58590
035 _a62745
040 _cCHAP
082 _a636.087
_bS8 1963
100 0 0 _aStangel, Harvey J.
_eed.
_9109448
245 _aUrea and non-protein nitrogen in ruminant nutrition
250 _a2 ed.
260 _a(s.l.) :
_bAllied Chemical,
_c(1963)
300 _a489 p.
590 _aBATCH-UPD
_b10
_c20130110
_lUCH01
_h0714
590 _aBATCH-UPD
_b10
_c20130410
_lUCH01
_h0359
590 _aBATCH-UPD
_b10
_c20130914
_lUCH01
_h1840
590 _aCONVERSION
_b10
_c20130109
_lUCH01
_h1331
650 1 4 _aAlimentos y alimentacion del ganado.
_94326
650 1 4 _aNitrógeno en animales.
_981474
650 1 4 _aUrea en alimentación del ganado.
_9116891
901 _aBK
942 _cLIBRO
949 _a636.087 S8 1963
_bBC
_cLIBRO
_d33724000275061
_eLIBRO
_h32105
_i62745
_si
999 _c57618
_d57618